| 000 | 00569nam a2200181 a 4500 | ||
|---|---|---|---|
| 001 | 5143 | ||
| 003 | CO-ViMGA | ||
| 008 | 141112s2004 ck r 000 u spa d | ||
| 040 |
_aCO-ViMGA _bspa _cCO-ViMGA |
||
| 082 | 0 | 4 | _a407 P657 |
| 100 | 1 | _aPontificia Universidad Javeriana | |
| 245 | 1 | 0 | _aEspañol |
| 260 |
_aSantafé de Bogotá : _bLa Universidad, _c1988 |
||
| 300 | _a4 v | ||
| 500 | _aContenido : v.1, Español I módulo 1; v.2, Español I módulo 2; v.3, Español II módulo 1; v.4, Español 2 módulo 2. | ||
| 650 | 1 | 4 | _aESPAÑOL - ENSEÑANZA |
| 942 |
_2ddc _cBK |
||
| 999 |
_c17144 _d17144 |
||